000 00966nas a22002297a 4500
999 _c121088
_d121088
001 K121088
007 ta
008 190815b2019 ||||| |||| 00| 0 eng d
041 _aeng
100 _aStratton, Chris
245 _aFrom 2G to 5 G
490 _aRICS Property Journal
_vMay/June 2019, 12-14(3)
520 _aLooks at business opportunities for RICS professionals and regulated firms to offer assistance to telecommunication operators and landowners in the rollout of 5G. Refers to the Electronic Communications Code 2007 which gives operators rights for base stations on land even where site owners decline to cooperate.
650 _aElectronic Communications Code 2017
650 _aBase stations
650 _aWayleave payments
651 _aUnited Kingdom 1973
690 _96252
_aLandlord and tenant
700 _aGabriel, Caroline
700 _aShumake, Paul
856 _uhttps://issuu.com/ricsmodus/docs/property_journal-may-june_2019-rics/60